000 00620nam a2200229 i 4500
001 C2-0322395
003 PPAK
005 20180728121320.0
008 130603s1982 my |||| ||||| | may d
040 _aPPAK
_beng
_cPPAK
_erda
082 0 4 _a959.5
_223
090 0 0 _a959.5
_bEME
_dKK
100 1 _aEmerson, Rupert,
_eauthor
245 1 0 _aMalaysia
264 1 _aKuala Lumpur :
_bDewan Bahasa dan Pustaka ,
_c1982
300 _axvi, 661 pages ;
_c22 cm
336 _2rdacontent
_atext
337 _2rdamedia
_aunmediated
338 _2rdacarrier
_avolume
650 1 0 _aMalaysia - History - Sources
942 _ddc
_cB
999 _c122707
_d122707